[Event "MP do lat 18 - dziewczeta"]
[Site "Sypniewo"]
[Date "2022.03.20"]
[Round "2.7"]
[White "Anyz, Monika"]
[Black "Lukasik, Zuzanna"]
[Result "1-0"]
[BlackElo "1786"]
[WhiteElo "1651"]
[LiveChessVersion "1.4.8"]

1. e4 {[%clk 1:30:57]} c5 {[%clk 1:30:52]} 2. Nf3 {[%clk 1:31:23]} Nc6
{[%clk 1:31:16]} 3. d4 {[%clk 1:31:49]} cxd4 {[%clk 1:31:40]} 4. Nxd4
{[%clk 1:32:14]} Nf6 {[%clk 1:31:57]} 5. Nc3 {[%clk 1:32:38]} d6 {[%clk 1:32:15]}
6. Bg5 {[%clk 1:32:40]} e6 {[%clk 1:32:05]} 7. f4 {[%clk 1:32:36]} Be7
{[%clk 1:32:08]} 8. Qd3 {[%clk 1:32:27]} a6 {[%clk 1:31:38]} 9. O-O-O
{[%clk 1:32:28]} Bd7 {[%clk 1:31:06]} 10. Nb3 {[%clk 1:32:01]} Rc8
{[%clk 1:24:43]} 11. Bxf6 {[%clk 1:27:25]} gxf6 {[%clk 1:24:50]} 12. Qe3
{[%clk 1:26:38]} Qc7 {[%clk 1:20:14]} 13. f5 {[%clk 1:13:34]} h5 {[%clk 1:10:57]}
14. fxe6 {[%clk 1:09:54]} fxe6 {[%clk 1:09:53]} 15. Qg3 {[%clk 1:07:06]} Kf7
{[%clk 1:07:43]} 16. Be2 {[%clk 1:03:36]} h4 {[%clk 1:03:07]} 17. Qf2
{[%clk 1:02:14]} b5 {[%clk 0:56:13]} 18. Bd3 {[%clk 0:55:36]} Ne5
{[%clk 0:50:30]} 19. Qd2 {[%clk 0:45:12]} Rcg8 {[%clk 0:44:08]} 20. Rhg1
{[%clk 0:43:44]} Rg5 {[%clk 0:32:50]} 21. Kb1 {[%clk 0:38:41]} Rhg8
{[%clk 0:30:52]} 22. Qf2 {[%clk 0:36:14]} Rh5 {[%clk 0:26:00]} 23. Ne2
{[%clk 0:31:17]} Ng4 {[%clk 0:23:18]} 24. Qf3 {[%clk 0:29:24]} Rhh8
{[%clk 0:22:25]} 25. h3 {[%clk 0:27:58]} Ne5 {[%clk 0:22:04]} 26. Qf2
{[%clk 0:27:34]} Ng6 {[%clk 0:18:46]} 27. Nd2 {[%clk 0:18:45]} e5
{[%clk 0:16:49]} 28. Nf1 {[%clk 0:16:41]} Be6 {[%clk 0:14:53]} 29. Ne3
{[%clk 0:16:21]} Qa5 {[%clk 0:12:49]} 30. Nd5 {[%clk 0:15:10]} Bxd5
{[%clk 0:10:03]} 31. exd5 {[%clk 0:15:32]} Qc7 {[%clk 0:09:27]} 32. Bf5
{[%clk 0:14:21]} Nf8 {[%clk 0:09:26]} 33. Rgf1 {[%clk 0:13:32]} Ke8
{[%clk 0:07:53]} 34. Rd3 {[%clk 0:11:39]} Qc5 {[%clk 0:07:07]} 35. Qf3
{[%clk 0:08:55]} b4 {[%clk 0:07:13]} 36. c3 {[%clk 0:07:56]} b3 {[%clk 0:05:55]}
37. axb3 {[%clk 0:07:08]} Rg5 {[%clk 0:05:30]} 38. Bg4 {[%clk 0:05:22]} Nd7
{[%clk 0:05:04]} 39. Kc2 {[%clk 0:04:28]} Nb6 {[%clk 0:03:58]} 40. g3
{[%clk 0:31:05]} Rgg8 {[%clk 0:30:44]} 41. Be6 {[%clk 0:29:36]} Rf8
{[%clk 0:29:25]} 42. g4 {[%clk 0:29:43]} Kd8 {[%clk 0:28:13]} 43. Ra1
{[%clk 0:25:46]} a5 {[%clk 0:22:04]} 44. Qe3 {[%clk 0:24:52]} Qb5
{[%clk 0:22:00]} 45. c4 {[%clk 0:23:33]} Qb4 {[%clk 0:21:24]} 46. Qd2
{[%clk 0:22:48]} Qxd2+ {[%clk 0:20:12]} 47. Rxd2 {[%clk 0:23:12]} a4
{[%clk 0:20:27]} 48. bxa4 {[%clk 0:22:27]} f5 {[%clk 0:19:40]} 49. gxf5
{[%clk 0:15:39]} Nxc4 {[%clk 0:19:48]} 50. Rd3 {[%clk 0:13:28]} Bg5
{[%clk 0:19:52]} 51. a5 {[%clk 0:09:23]} Ke7 {[%clk 0:19:34]} 52. a6
{[%clk 0:08:39]} Ne3+ {[%clk 0:19:59]} 53. Kb1 {[%clk 0:04:55]} Nxf5
{[%clk 0:18:06]} 54. b4 {[%clk 0:03:00]} Ng7 {[%clk 0:18:16]} 55. Bg4
{[%clk 0:03:09]} Rb8 {[%clk 0:14:57]} 56. Rb3 {[%clk 0:03:26]} Rhf8
{[%clk 0:13:39]} 57. b5 {[%clk 0:03:28]} e4 {[%clk 0:12:46]} 58. b6
{[%clk 0:03:06]} Rf1+ {[%clk 0:05:32]} 59. Ka2 {[%clk 0:03:19]} Rxa1+
{[%clk 0:04:48]} 60. Kxa1 {[%clk 0:03:43]} Ne8 {[%clk 0:03:57]} 61. b7
{[%clk 0:03:20]} Bf6+ {[%clk 0:03:58]} 62. Ka2 {[%clk 0:03:39]} 1-0

[Event "MP do lat 18 - dziewczeta"]
[Site "Sypniewo"]
[Date "2022.03.20"]
[Round "2.8"]
[White "Bugaj, Hanna"]
[Black "Kudlak, Julia"]
[Result "0-1"]
[BlackElo "1579"]
[WhiteElo "1782"]
[LiveChessVersion "1.4.8"]

1. d4 {[%clk 1:30:57]} Nf6 {[%clk 1:30:49]} 2. c4 {[%clk 1:31:16]} c5
{[%clk 1:28:49]} 3. d5 {[%clk 1:31:32]} e6 {[%clk 1:27:40]} 4. Nc3
{[%clk 1:31:25]} exd5 {[%clk 1:27:48]} 5. cxd5 {[%clk 1:31:01]} d6
{[%clk 1:27:45]} 6. e4 {[%clk 1:29:57]} g6 {[%clk 1:25:06]} 7. Nf3
{[%clk 1:29:41]} Bg7 {[%clk 1:25:01]} 8. Bd3 {[%clk 1:27:51]} O-O
{[%clk 1:23:50]} 9. O-O {[%clk 1:28:10]} Bg4 {[%clk 1:22:15]} 10. h3
{[%clk 1:25:53]} Bxf3 {[%clk 1:21:40]} 11. Qxf3 {[%clk 1:26:17]} Nbd7
{[%clk 1:18:11]} 12. Bf4 {[%clk 1:24:23]} Ne8 {[%clk 1:14:58]} 13. Bh2
{[%clk 1:14:51]} Ne5 {[%clk 1:09:34]} 14. Qe2 {[%clk 1:15:00]} Nxd3
{[%clk 0:56:06]} 15. Qxd3 {[%clk 1:15:23]} Qb6 {[%clk 0:54:13]} 16. Qc2
{[%clk 1:09:34]} Rd8 {[%clk 0:47:32]} 17. Kh1 {[%clk 1:02:41]} Nf6
{[%clk 0:43:29]} 18. Rad1 {[%clk 1:00:47]} Rfe8 {[%clk 0:40:59]} 19. Rfe1
{[%clk 0:56:33]} Nd7 {[%clk 0:37:43]} 20. Re2 {[%clk 0:45:46]} Ne5
{[%clk 0:30:38]} 21. f4 {[%clk 0:38:09]} Nc4 {[%clk 0:28:34]} 22. Na4
{[%clk 0:34:56]} Qa6 {[%clk 0:27:14]} 23. Rde1 {[%clk 0:15:42]} b5
{[%clk 0:25:34]} 24. Nc3 {[%clk 0:11:45]} Nxb2 {[%clk 0:24:07]} 25. Qxb2
{[%clk 0:11:49]} b4 {[%clk 0:24:06]} 26. e5 {[%clk 0:11:53]} bxc3
{[%clk 0:23:43]} 27. Qxc3 {[%clk 0:12:12]} Qb5 {[%clk 0:19:53]} 28. Qf3
{[%clk 0:07:27]} c4 {[%clk 0:17:51]} 29. Rd2 {[%clk 0:03:55]} Qa5
{[%clk 0:16:05]} 30. Rde2 {[%clk 0:03:17]} dxe5 {[%clk 0:15:37]} 31. fxe5
{[%clk 0:03:39]} Qxd5 {[%clk 0:14:34]} 32. Qf2 {[%clk 0:00:59]} Rd7
{[%clk 0:13:24]} 33. Re4 {[%clk 0:00:40]} c3 {[%clk 0:09:50]} 34. Qc2
{[%clk 0:00:47]} Qd2 {[%clk 0:08:36]} 35. R4e2 {[%clk 0:01:09]} Qd3
{[%clk 0:08:19]} 36. Kg1 {[%clk 0:00:35]} Bh6 {[%clk 0:06:50]} 37. Qxd3
{[%clk 0:00:32]} Rxd3 {[%clk 0:07:15]} 38. Rc2 {[%clk 0:00:56]} Rc8
{[%clk 0:06:42]} 39. e6 {[%clk 0:00:35]} fxe6 {[%clk 0:06:55]} 40. Be5
{[%clk 0:30:36]} Rc5 {[%clk 0:34:48]} 41. Kf1 {[%clk 0:27:27]} Kf7
{[%clk 0:25:43]} 42. h4 {[%clk 0:24:25]} Ke7 {[%clk 0:21:18]} 43. g4
{[%clk 0:17:00]} Be3 {[%clk 0:20:59]} 44. Rxe3 {[%clk 0:15:33]} Rxe3
{[%clk 0:21:18]} 45. Bd4 {[%clk 0:15:57]} Rce5 {[%clk 0:20:02]} 46. Bxe5
{[%clk 0:16:15]} Rxe5 {[%clk 0:20:26]} 47. Rxc3 {[%clk 0:16:41]} Kd6
{[%clk 0:19:30]} 48. Kf2 {[%clk 0:16:49]} Ra5 {[%clk 0:18:36]} 49. a3
{[%clk 0:16:11]} Ra4 {[%clk 0:18:26]} 50. Kf3 {[%clk 0:16:19]} e5
{[%clk 0:17:44]} 51. Re3 {[%clk 0:14:31]} Kd5 {[%clk 0:17:49]} 52. Rd3+
{[%clk 0:14:32]} Rd4 {[%clk 0:17:33]} 53. Rb3 {[%clk 0:14:23]} Rf4+
{[%clk 0:14:46]} 54. Kg3 {[%clk 0:14:43]} Ra4 {[%clk 0:15:02]} 55. h5
{[%clk 0:08:48]} g5 {[%clk 0:12:30]} 56. h6 {[%clk 0:06:17]} Kd4 {[%clk 0:11:08]}
57. Rb7 {[%clk 0:06:14]} Rxa3+ {[%clk 0:11:23]} 58. Kf2 {[%clk 0:06:35]} Ra2+
{[%clk 0:09:21]} 59. Kg3 {[%clk 0:05:49]} Ra3+ {[%clk 0:09:18]} 60. Kf2
{[%clk 0:05:51]} Rh3 {[%clk 0:07:33]} 61. Rxh7 {[%clk 0:05:40]} a5
{[%clk 0:06:53]} 62. Rh8 {[%clk 0:04:21]} Ke4 {[%clk 0:05:51]} 63. h7
{[%clk 0:04:26]} Rh4 {[%clk 0:04:27]} 64. Ra8 {[%clk 0:03:11]} Rxh7
{[%clk 0:04:51]} 65. Rxa5 Kf4 {[%clk 0:04:23]} 66. Ra4+ {[%clk 0:03:06]} e4
{[%clk 0:04:40]} 67. Kg2 {[%clk 0:02:26]} Rh4 {[%clk 0:04:47]} 68. Ra8
{[%clk 0:02:24]} Rxg4+ {[%clk 0:04:56]} 69. Kf2 {[%clk 0:02:49]} e3+
{[%clk 0:04:57]} 70. Kf1 {[%clk 0:02:44]} Kf3 {[%clk 0:05:16]} 71. Rf8+
{[%clk 0:02:32]} Rf4 {[%clk 0:05:37]} 72. Re8 {[%clk 0:02:41]} g4
{[%clk 0:05:45]} 0-1

[Event "MP do lat 18 - dziewczeta"]
[Site "Sypniewo"]
[Date "2022.03.20"]
[Round "2.9"]
[White "Matusik, Zuzanna"]
[Black "Siekanska, Zuzanna"]
[Result "0-1"]
[BlackElo "1756"]
[WhiteElo "1286"]
[LiveChessVersion "1.4.8"]

1. e4 {[%clk 1:30:58]} e5 {[%clk 1:30:56]} 2. Nf3 {[%clk 1:31:16]} Nc6
{[%clk 1:31:18]} 3. Bc4 {[%clk 1:31:10]} Nf6 {[%clk 1:31:29]} 4. d3
{[%clk 1:30:50]} Bc5 {[%clk 1:31:07]} 5. c3 {[%clk 1:30:48]} O-O {[%clk 1:30:40]}
6. Bb3 {[%clk 1:29:07]} d5 {[%clk 1:29:20]} 7. Qe2 {[%clk 1:26:10]} h6
{[%clk 1:21:45]} 8. O-O {[%clk 1:24:33]} Bg4 {[%clk 1:20:57]} 9. Nbd2
{[%clk 1:19:50]} Re8 {[%clk 1:14:41]} 10. Re1 {[%clk 1:14:05]} Bh5
{[%clk 1:09:58]} 11. h3 {[%clk 1:14:00]} Qd7 {[%clk 1:03:26]} 12. Nf1
{[%clk 1:11:29]} Rad8 {[%clk 0:58:29]} 13. Ng3 {[%clk 1:05:08]} Bg6
{[%clk 0:57:21]} 14. Nh4 {[%clk 1:00:44]} Bh7 {[%clk 0:56:37]} 15. Qf3
{[%clk 0:59:29]} Re6 {[%clk 0:46:21]} 16. exd5 {[%clk 0:24:46]} Nxd5
{[%clk 0:46:07]} 17. Ne4 {[%clk 0:11:58]} Bf8 {[%clk 0:38:43]} 18. Be3
{[%clk 0:07:43]} Na5 {[%clk 0:35:56]} 19. Bc2 {[%clk 0:08:01]} Nxe3
{[%clk 0:33:20]} 20. Rxe3 {[%clk 0:06:04]} c5 {[%clk 0:28:19]} 21. a3
{[%clk 0:03:28]} b5 {[%clk 0:22:41]} 22. b4 {[%clk 0:03:44]} Nb7 {[%clk 0:22:38]}
23. Bb3 {[%clk 0:03:42]} Ree8 {[%clk 0:22:26]} 24. Qg3 {[%clk 0:02:35]} Be7
{[%clk 0:19:37]} 25. Rf3 {[%clk 0:02:18]} Rf8 {[%clk 0:18:14]} 26. Re1
{[%clk 0:01:46]} Qc6 {[%clk 0:15:50]} 27. Nf5 {[%clk 0:01:39]} Bxf5
{[%clk 0:16:09]} 28. Rxf5 {[%clk 0:02:07]} Nd6 {[%clk 0:14:29]} 29. Rxe5
{[%clk 0:02:00]} Nxe4 {[%clk 0:13:57]} 30. R5xe4 {[%clk 0:02:27]} Bf6
{[%clk 0:13:28]} 31. Rg4 {[%clk 0:01:20]} Bxc3 {[%clk 0:12:29]} 32. Ree4
{[%clk 0:01:20]} cxb4 {[%clk 0:10:57]} 33. Rg6 {[%clk 0:01:23]} Qc5
{[%clk 0:09:54]} 34. Rxh6 {[%clk 0:01:15]} Rd4 {[%clk 0:05:35]} 35. Reh4
{[%clk 0:00:49]} Rxh4 {[%clk 0:05:53]} 36. Rxh4 {[%clk 0:01:15]} Be5
{[%clk 0:05:55]} 37. Qf3 {[%clk 0:01:40]} Qc1+ {[%clk 0:05:21]} 38. Bd1
{[%clk 0:02:07]} bxa3 {[%clk 0:04:38]} 39. Qh5 {[%clk 0:02:19]} f6
{[%clk 0:04:38]} 40. Qg4 {[%clk 0:31:00]} f5 {[%clk 0:31:37]} 41. Qh5
{[%clk 0:31:25]} Bf6 {[%clk 0:24:01]} 42. Kh2 {[%clk 0:16:34]} Qc7+
{[%clk 0:24:03]} 43. g3 {[%clk 0:16:36]} Bxh4 {[%clk 0:23:52]} 44. Bb3+
{[%clk 0:16:47]} Rf7 {[%clk 0:24:12]} 45. Bxf7+ {[%clk 0:16:45]} Qxf7
{[%clk 0:24:33]} 46. Qxh4 {[%clk 0:17:12]} Qf6 {[%clk 0:20:59]} 47. Qh5
{[%clk 0:15:54]} Qe6 {[%clk 0:19:10]} 48. Qh4 {[%clk 0:13:29]} Qb6
{[%clk 0:17:59]} 49. Qe7 {[%clk 0:09:17]} Qxf2+ {[%clk 0:13:57]} 50. Kh1
{[%clk 0:09:42]} Qf3+ {[%clk 0:13:20]} 51. Kh2 {[%clk 0:09:49]} b4
{[%clk 0:13:12]} 52. Qxb4 {[%clk 0:08:41]} Qe2+ {[%clk 0:13:10]} 53. Kh1
{[%clk 0:08:19]} Qd1+ {[%clk 0:13:31]} 54. Kh2 {[%clk 0:08:32]} Qc2+
{[%clk 0:13:54]} 55. Kg1 {[%clk 0:08:00]} Qc1+ {[%clk 0:14:19]} 56. Kg2
{[%clk 0:08:14]} Qb2+ {[%clk 0:14:46]} 0-1

[Event "MP do lat 18 - dziewczeta"]
[Site "Sypniewo"]
[Date "2022.03.20"]
[Round "2.10"]
[White "Zarebska, Lena"]
[Black "Czarnecka, Lidia"]
[Result "0-1"]
[BlackElo "1978"]
[WhiteElo "1809"]
[LiveChessVersion "1.4.8"]

1. e4 {[%clk 1:30:57]} c5 {[%clk 1:30:37]} 2. Nf3 {[%clk 1:31:01]} e6
{[%clk 1:30:26]} 3. d4 {[%clk 1:31:25]} cxd4 {[%clk 1:30:08]} 4. Nxd4
{[%clk 1:31:49]} Nc6 {[%clk 1:29:35]} 5. Nc3 {[%clk 1:30:37]} a6 {[%clk 1:29:48]}
6. Be3 {[%clk 1:29:58]} Qc7 {[%clk 1:30:02]} 7. g4 {[%clk 1:29:29]} Ne5
{[%clk 1:21:49]} 8. f4 {[%clk 1:19:19]} Nc4 {[%clk 1:22:02]} 9. Bxc4
{[%clk 1:18:39]} Qxc4 {[%clk 1:22:30]} 10. Qd2 {[%clk 1:05:39]} Bb4
{[%clk 1:22:18]} 11. g5 {[%clk 1:02:20]} Ne7 {[%clk 1:02:43]} 12. a3
{[%clk 0:53:55]} Bxc3 {[%clk 1:01:09]} 13. bxc3 {[%clk 0:54:20]} d5
{[%clk 0:59:27]} 14. e5 {[%clk 0:48:26]} Bd7 {[%clk 0:57:38]} 15. Rb1
{[%clk 0:48:25]} b5 {[%clk 0:56:28]} 16. Rb4 {[%clk 0:45:40]} Qc7
{[%clk 0:56:50]} 17. a4 {[%clk 0:43:08]} bxa4 {[%clk 0:53:34]} 18. O-O
{[%clk 0:39:50]} Nc6 {[%clk 0:33:46]} 19. Nxc6 {[%clk 0:35:34]} Qxc6
{[%clk 0:26:47]} 20. Rfb1 {[%clk 0:16:34]} Qc8 {[%clk 0:23:09]} 21. c4
{[%clk 0:15:48]} O-O {[%clk 0:23:22]} 22. cxd5 {[%clk 0:08:52]} exd5
{[%clk 0:23:50]} 23. Qf2 {[%clk 0:04:49]} Re8 {[%clk 0:16:31]} 24. Rc1
{[%clk 0:04:01]} Bb5 {[%clk 0:15:42]} 25. Qf3 {[%clk 0:03:25]} Qc3
{[%clk 0:13:17]} 26. Rd4 {[%clk 0:03:03]} Bc4 {[%clk 0:13:39]} 27. Qf2
{[%clk 0:02:40]} a3 {[%clk 0:13:32]} 28. Rdd1 {[%clk 0:02:48]} a2
{[%clk 0:12:45]} 29. Bd4 {[%clk 0:03:06]} Qh3 {[%clk 0:10:52]} 30. f5
{[%clk 0:01:25]} Qg4+ {[%clk 0:11:08]} 31. Kh1 {[%clk 0:01:49]} Be2
{[%clk 0:11:19]} 32. Rd3 {[%clk 0:01:24]} Bxd3 {[%clk 0:11:40]} 33. cxd3
{[%clk 0:01:46]} Rab8 {[%clk 0:12:04]} 34. Bb2 {[%clk 0:01:41]} Qb4
{[%clk 0:11:59]} 35. Rc2 {[%clk 0:00:38]} Qxb2 {[%clk 0:12:07]} 0-1

[Event "MP do lat 18 - dziewczeta"]
[Site "Sypniewo"]
[Date "2022.03.20"]
[Round "2.11"]
[White "Libura, Julianna"]
[Black "Wawrzyniak, Weronika"]
[Result "1/2-1/2"]
[BlackElo "1493"]
[WhiteElo "1590"]
[LiveChessVersion "1.4.8"]

1. e4 {[%clk 1:30:53]} c5 {[%clk 1:30:41]} 2. Nf3 {[%clk 1:31:13]} a6
{[%clk 1:30:58]} 3. c4 {[%clk 1:30:09]} Nc6 {[%clk 1:26:24]} 4. d4
{[%clk 1:24:45]} cxd4 {[%clk 1:25:50]} 5. Nxd4 {[%clk 1:24:34]} e6
{[%clk 1:21:57]} 6. Nc3 {[%clk 1:18:51]} d6 {[%clk 1:21:08]} 7. Be3
{[%clk 1:18:21]} Nf6 {[%clk 1:19:13]} 8. Be2 {[%clk 1:17:04]} Be7
{[%clk 1:16:58]} 9. O-O {[%clk 1:17:20]} O-O {[%clk 1:14:29]} 10. f4
{[%clk 1:05:00]} Qc7 {[%clk 1:11:34]} 11. Rc1 {[%clk 0:52:45]} Nxd4
{[%clk 0:52:16]} 12. Qxd4 {[%clk 0:47:19]} Rd8 {[%clk 0:44:26]} 13. Qd3
{[%clk 0:40:24]} Bd7 {[%clk 0:42:45]} 14. g4 {[%clk 0:40:05]} b6 {[%clk 0:34:24]}
15. g5 {[%clk 0:39:09]} Ne8 {[%clk 0:34:46]} 16. Rf3 {[%clk 0:34:32]} Qb7
{[%clk 0:31:01]} 17. Rh3 {[%clk 0:32:40]} g6 {[%clk 0:22:32]} 18. Bg4
{[%clk 0:26:20]} d5 {[%clk 0:18:18]} 19. e5 {[%clk 0:20:03]} dxc4
{[%clk 0:17:52]} 20. Qf1 {[%clk 0:18:46]} Bc6 {[%clk 0:12:39]} 21. Qf2
{[%clk 0:17:42]} Bh1 {[%clk 0:10:27]} 22. Kf1 {[%clk 0:11:53]} Bc5
{[%clk 0:09:23]} 23. Bxc5 {[%clk 0:08:49]} bxc5 {[%clk 0:09:52]} 24. Rc2
{[%clk 0:08:11]} Rd3 {[%clk 0:08:51]} 25. Qh4 {[%clk 0:02:36]} Rxh3
{[%clk 0:06:56]} 26. Qxh3 {[%clk 0:02:41]} Rd8 {[%clk 0:07:06]} 27. Be2
{[%clk 0:02:48]} Rd4 {[%clk 0:05:55]} 28. Qg3 {[%clk 0:02:40]} Ng7
{[%clk 0:05:15]} 29. Bg4 {[%clk 0:01:38]} Rd3 {[%clk 0:04:23]} 30. Qf2
{[%clk 0:01:47]} Bf3 {[%clk 0:03:53]} 31. Qg1 {[%clk 0:01:36]} Bxg4
{[%clk 0:04:00]} 32. Qxg4 {[%clk 0:02:00]} Qh1+ {[%clk 0:04:24]} 33. Qg1
{[%clk 0:02:15]} Rf3+ {[%clk 0:02:54]} 34. Rf2 {[%clk 0:02:23]} Rxf2+
{[%clk 0:03:18]} 35. Kxf2 {[%clk 0:02:49]} Qxg1+ {[%clk 0:03:45]} 36. Kxg1
{[%clk 0:03:14]} Nh5 {[%clk 0:02:26]} 37. Ne4 {[%clk 0:02:31]} Nxf4
{[%clk 0:02:37]} 38. Nxc5 {[%clk 0:02:50]} Nh3+ {[%clk 0:01:48]} 39. Kg2
{[%clk 0:03:10]} Nxg5 {[%clk 0:02:14]} 40. Nxa6 {[%clk 0:33:29]} Ne4
{[%clk 0:31:47]} 41. a4 {[%clk 0:32:49]} c3 {[%clk 0:30:43]} 42. bxc3
{[%clk 0:33:13]} Nxc3 {[%clk 0:31:10]} 43. Nc5 {[%clk 0:30:50]} Kg7
{[%clk 0:20:39]} 44. a5 {[%clk 0:28:55]} Nb5 {[%clk 0:19:24]} 45. a6
{[%clk 0:27:50]} g5 {[%clk 0:18:42]} 46. Ne4 {[%clk 0:27:19]} Kg6
{[%clk 0:19:05]} 47. Kf3 {[%clk 0:23:20]} Na7 {[%clk 0:18:50]} 48. Nf6
{[%clk 0:21:30]} h5 {[%clk 0:16:03]} 49. Ke4 {[%clk 0:19:32]} Nc6
{[%clk 0:13:05]} 50. h3 {[%clk 0:13:48]} h4 {[%clk 0:11:15]} 51. Ng4
{[%clk 0:11:46]} Kg7 {[%clk 0:09:31]} 52. Nf6 {[%clk 0:08:57]} Kg6
{[%clk 0:09:12]} 53. Ng4 {[%clk 0:02:32]} Kg7 {[%clk 0:07:36]} 54. Ke3
{[%clk 0:02:06]} Kf8 {[%clk 0:05:24]} 55. Ke4 {[%clk 0:01:19]} Kg7
{[%clk 0:05:11]} 56. Ke3 {[%clk 0:01:13]} Kf8 {[%clk 0:05:36]} 57. Ke4
{[%clk 0:01:00]} 1/2-1/2

[Event "MP do lat 18 - dziewczeta"]
[Site "Sypniewo"]
[Date "2022.03.20"]
[Round "2.13"]
[White "Mytnik, Kinga"]
[Black "Lochina, Justyna"]
[Result "1/2-1/2"]
[BlackElo "1646"]
[WhiteElo "1438"]
[LiveChessVersion "1.4.8"]

1. e4 {[%clk 1:30:56]} c5 {[%clk 1:30:48]} 2. d3 {[%clk 1:31:13]} Nc6
{[%clk 1:30:03]} 3. f4 {[%clk 1:31:06]} e6 {[%clk 1:28:55]} 4. Nf3
{[%clk 1:30:49]} d6 {[%clk 1:26:08]} 5. c3 {[%clk 1:27:29]} Nf6 {[%clk 1:24:29]}
6. Be2 {[%clk 1:26:09]} Be7 {[%clk 1:22:39]} 7. O-O {[%clk 1:25:14]} O-O
{[%clk 1:20:53]} 8. a4 {[%clk 1:19:32]} a6 {[%clk 1:13:10]} 9. Nbd2
{[%clk 1:17:58]} Ng4 {[%clk 1:09:30]} 10. Nc4 {[%clk 1:14:03]} d5
{[%clk 1:06:59]} 11. Ne3 {[%clk 1:11:50]} Nxe3 {[%clk 0:56:53]} 12. Bxe3
{[%clk 1:12:09]} Qc7 {[%clk 0:48:20]} 13. Qe1 {[%clk 1:07:42]} Rd8
{[%clk 0:40:09]} 14. Qf2 {[%clk 0:53:59]} b6 {[%clk 0:33:25]} 15. e5
{[%clk 0:47:58]} d4 {[%clk 0:30:12]} 16. cxd4 {[%clk 0:46:44]} Nxd4
{[%clk 0:27:03]} 17. Bxd4 {[%clk 0:33:27]} cxd4 {[%clk 0:26:56]} 18. Rac1
{[%clk 0:32:07]} Qd7 {[%clk 0:22:57]} 19. Rc4 {[%clk 0:29:22]} b5
{[%clk 0:21:43]} 20. axb5 {[%clk 0:27:22]} axb5 {[%clk 0:21:37]} 21. Rc2
{[%clk 0:27:34]} Bb7 {[%clk 0:19:26]} 22. Rfc1 {[%clk 0:26:55]} Rac8
{[%clk 0:15:48]} 23. Bd1 {[%clk 0:15:25]} Rxc2 {[%clk 0:12:37]} 24. Rxc2
{[%clk 0:15:43]} Rc8 {[%clk 0:08:48]} 25. Kf1 {[%clk 0:08:39]} Bc5
{[%clk 0:07:26]} 26. Nd2 {[%clk 0:07:26]} Bb6 {[%clk 0:06:44]} 27. Nf3
{[%clk 0:06:06]} h6 {[%clk 0:04:56]} 28. Ne1 {[%clk 0:05:02]} Bd5
{[%clk 0:04:04]} 29. Qd2 {[%clk 0:04:40]} Rxc2 {[%clk 0:01:36]} 30. Qxc2
{[%clk 0:04:54]} Kh7 {[%clk 0:00:57]} 1/2-1/2

[Event "MP do lat 18 - dziewczeta"]
[Site "Sypniewo"]
[Date "2022.03.20"]
[Round "2.14"]
[White "Zniszczol, Wiktoria"]
[Black "Matyjasek, Michalina"]
[Result "0-1"]
[BlackElo "1435"]
[WhiteElo "1613"]
[LiveChessVersion "1.4.8"]

1. e4 {[%clk 1:30:57]} c5 {[%clk 1:30:57]} 2. Nc3 {[%clk 1:31:09]} Nc6
{[%clk 1:31:17]} 3. Nge2 {[%clk 1:31:34]} g6 {[%clk 1:31:29]} 4. d4
{[%clk 1:31:11]} cxd4 {[%clk 1:31:45]} 5. Nxd4 {[%clk 1:31:33]} Bg7
{[%clk 1:32:04]} 6. Nde2 {[%clk 1:31:47]} Nf6 {[%clk 1:30:31]} 7. g3
{[%clk 1:30:51]} O-O {[%clk 1:28:13]} 8. Bg2 {[%clk 1:31:03]} d6 {[%clk 1:25:22]}
9. O-O {[%clk 1:27:13]} Rb8 {[%clk 1:21:07]} 10. a4 {[%clk 1:24:17]} b6
{[%clk 1:05:03]} 11. Nd5 {[%clk 1:20:59]} Bb7 {[%clk 0:55:39]} 12. Ra2
{[%clk 0:58:35]} Rc8 {[%clk 0:38:14]} 13. c3 {[%clk 0:48:57]} Ba6
{[%clk 0:31:49]} 14. Re1 {[%clk 0:45:29]} e6 {[%clk 0:27:49]} 15. Ne3
{[%clk 0:44:02]} Qc7 {[%clk 0:24:12]} 16. b3 {[%clk 0:41:08]} Ne5
{[%clk 0:21:49]} 17. c4 {[%clk 0:39:46]} Rfd8 {[%clk 0:19:05]} 18. Ba3
{[%clk 0:28:56]} Bb7 {[%clk 0:16:27]} 19. Nc3 {[%clk 0:27:49]} a6
{[%clk 0:16:29]} 20. Rd2 {[%clk 0:22:56]} Ne8 {[%clk 0:15:12]} 21. Qc2
{[%clk 0:22:10]} Nd7 {[%clk 0:12:20]} 22. Red1 {[%clk 0:15:49]} Nc5
{[%clk 0:11:07]} 23. f3 {[%clk 0:09:57]} Bh6 {[%clk 0:10:09]} 24. f4
{[%clk 0:08:36]} Bg7 {[%clk 0:09:53]} 25. b4 {[%clk 0:08:17]} Bxc3
{[%clk 0:06:03]} 26. Qxc3 {[%clk 0:08:36]} Nxe4 {[%clk 0:05:31]} 27. Bxe4
{[%clk 0:08:32]} Bxe4 {[%clk 0:05:04]} 28. Bb2 {[%clk 0:08:41]} f6
{[%clk 0:04:41]} 29. Qd4 {[%clk 0:01:52]} Bf3 {[%clk 0:02:08]} 30. Rf1
{[%clk 0:01:38]} Bb7 {[%clk 0:01:32]} 31. Rdd1 {[%clk 0:00:56]} Qc6
{[%clk 0:01:14]} 32. Kf2 {[%clk 0:00:40]} Qxa4 {[%clk 0:00:55]} 33. Qxb6
{[%clk 0:00:47]} Qc6 {[%clk 0:01:04]} 34. Qd4 {[%clk 0:00:44]} Qe4
{[%clk 0:00:53]} 35. Qc3 {[%clk 0:00:36]} Qf3+ {[%clk 0:01:02]} 36. Ke1
{[%clk 0:00:46]} Qe4 {[%clk 0:01:22]} 37. Kf2 {[%clk 0:00:40]} Qf3+
{[%clk 0:01:12]} 38. Ke1 {[%clk 0:00:41]} Qe4 {[%clk 0:01:26]} 39. Kf2
{[%clk 0:01:06]} Qc6 {[%clk 0:01:25]} 40. Ke2 {[%clk 0:30:41]} Ba8
{[%clk 0:30:54]} 41. Qb3 {[%clk 0:25:25]} Rb8 {[%clk 0:28:48]} 42. Ng4
{[%clk 0:21:32]} Qe4+ {[%clk 0:25:47]} 43. Ne3 {[%clk 0:17:58]} Rdc8
{[%clk 0:23:28]} 44. Rd4 {[%clk 0:17:17]} Qc6 {[%clk 0:22:17]} 45. f5
{[%clk 0:14:24]} e5 {[%clk 0:15:42]} 46. Rg4 {[%clk 0:12:44]} g5 {[%clk 0:12:52]}
47. h4 {[%clk 0:06:18]} h6 {[%clk 0:07:59]} 48. hxg5 {[%clk 0:06:27]} hxg5
{[%clk 0:08:05]} 49. c5+ {[%clk 0:03:52]} Kg7 {[%clk 0:04:55]} 50. Qe6
{[%clk 0:03:00]} Kf8 {[%clk 0:02:40]} 51. Rc4 {[%clk 0:01:48]} dxc5
{[%clk 0:02:22]} 52. Ng4 {[%clk 0:00:53]} Qxe6 {[%clk 0:02:07]} 53. fxe6
{[%clk 0:01:00]} Ke7 {[%clk 0:02:29]} 54. Ba3 {[%clk 0:01:04]} Bd5
{[%clk 0:02:13]} 55. Rxc5 {[%clk 0:01:18]} Rxc5 {[%clk 0:02:24]} 56. bxc5
{[%clk 0:01:22]} Bc4+ {[%clk 0:02:46]} 57. Kf2 {[%clk 0:01:39]} Bxf1
{[%clk 0:03:11]} 58. Kxf1 {[%clk 0:01:49]} Kxe6 {[%clk 0:03:34]} 0-1